Die größten deutschsprachigen Städte von A–Z - Statistiken

Allgemein
  • Dieses Quiz wurde 85 mal gespielt
  • Das Durchschnittsergebnis liegt bei 24 aus 29
Antwortstatistiken
Bevölkerung Region Hinweis Antwort % Korrekt
H 2 million Norddeutschland bedeutende Hafenstadt, bekannt für die Speicherstadt und als Ort, an dem die Beatles in den 1960ern berühmt wurden Hamburg
100%
I 142,000 Süddeutschland Sitz von Audi und literarischer Schauplatz, an dem Victor Frankenstein sein Monster erschuf Ingolstadt
100%
K 1.1 million Westdeutschland berühmt für seinen monumentalen gotischen Dom (der den Zweiten Weltkrieg überstand) Köln
100%
M 1.6 million Süddeutschland berühmt für das jährliche Oktoberfest, traditionelle Bierhallen und als Heimat von BMW München
100%
N 526,000 Süddeutschland bekannt für seine mittelalterliche Burg, den riesigen Weihnachtsmarkt und die internationalen Kriegsverbrecherprozesse nach 1945 Nürnberg
100%
B 3.6 million Ostdeutschland einst durch eine berühmte Mauer geteilt Berlin
99%
E 587,000 Westdeutschland Heimat der Zeche Zollverein Essen
99%
F 776,000 Westdeutschland Finanzzentrum Deutschlands, Sitz der Europäischen Zentralbank Frankfurt am Main
99%
S 613,000 Süddeutschland weltweiter Hauptsitz von Mercedes-Benz und Porsche Stuttgart
99%
A 303,000 Süddeutschland Heimat der Fuggerei, der ältesten noch genutzten Sozialsiedlung der Welt Augsburg
97%
C 251,000 Ostdeutschland berühmt für die riesige bronzene Büste von Karl Marx im Stadtzentrum Chemnitz
97%
D 631,000 Westdeutschland globales Zentrum für Mode und Werbung, bekannt für die „längste Theke der Welt“ Düsseldorf
97%
J 111,000 Ostdeutschland weltweites Zentrum für Optik und Feinmechanik Jena
97%
L 620,000 Ostdeutschland Wirkungsstätte von J. S. Bach und Ausgangspunkt der Friedlichen Revolution von 1989 Leipzig
97%
U 130,000 Süddeutschland besitzt den höchsten Kirchturm der Welt und ist der Geburtsort Albert Einsteins Ulm
97%
W 2 million Österreich ehemalige Hauptstadt des Habsburgerreiches und historisches Zentrum der klassischen Musik Wien
96%
P 187,000 Ostdeutschland ehemalige Residenzstadt preußischer Könige, berühmt für die weitläufigen Gärten von Schloss Sanssouci Potsdam
95%
R 211,000 Ostdeutschland bedeutende Hansestadt, berühmt für ihre Backsteingotik Rostock
94%
Z 437,000 Schweiz globales Zentrum für Banken und Finanzen, gelegen an einem beeindruckenden See Zürich
94%
X 22,000 Westdeutschland bekannt für ihren Archäologischen Park, in dem eine römische Stadt (Colonia Ulpia Traiana) rekonstruiert wurde Xanten
92%
T 113,000 Westdeutschland gilt als älteste Stadt Deutschlands und beherbergt die Porta Nigra Trier
91%
G 305,000 Österreich berühmt für den Schlossberg mit Uhrturm und eine hervorragend erhaltene mittelalterliche Altstadt Graz
86%
O 211,000 Westdeutschland Heimat des Gasometers, eines ehemaligen Gasbehälters und heute einer der außergewöhnlichsten Ausstellungsräume Europas Oberhausen
84%
Q 23,000 Ostdeutschland UNESCO-Welterbe mit über 1.300 Fachwerkhäusern; erste Hauptstadt Deutschlands unter König Heinrich I Quedlinburg
73%
V 89,000 Süddeutschland „Zwillingsstadt“ im Schwarzwald: eine Hälfte mittelalterlich befestigt, die andere einst Welthauptstadt der Uhrenindustrie Villingen-Schwenningen
58%
Y 5,700 Österreich Stadt an der Donau mit einem einzigartigen Museum zur Geschichte des Fahrrads Ybbs an der Donau
27%
Ü 24,000 Westdeutschland Stadt an der niederländischen Grenze, früher bedeutendes Kohleabbauzentrum der Zeche Carolus-Magnus Übach-Palenberg
13%
Ö 26,000 Süddeutschland liegt am historischen römischen Limes und war Residenz der Fürsten von Hohenlohe Öhringen
9%
Ä 1,200 Süddeutschland historisches Dorf in Oberschwaben, bekannt für seine barocke Kirche und seine landwirtschaftlichen Wurzeln Äpfingen
0%
Keine übereinstimmenden Quizze gefunden
Verteilung der Resultate
Anzahl Personen mit jedem Resultat
Perzentil nach korrekt beantworteten Fragen
Ihre Resultats-Entwicklung
Sie haben dieses Quiz noch nicht gespielt